LEADER 01598nam a2200313 4500 001 000000345876 003 CaOOAMICUS 005 20210510092959.0 008 210510s2020 it 000 u ita r 020 $a978-88-06-22705-0 040 $aSeMil$bita 245 00$aLettere di condannati a morte della Resistenza italiana :$b8 settembre 1943 - 25 aprile 1945 /$ca cura di Piero Malvezzi e Giovanni Pirelli ; nota introduttiva di Gustavo Zagrebelsky ; prefazione di Enzo Enriques Agnoletti. 264 1$aTorino :$bEinaudi,$c2020. 300 $aXXVI, 356 p. ;$c19 cm 490 1 $aET saggi 650 4$aResistenza - Italia - Diari e memorie.$0(OLS)http://semarc/subject/32330 650 4$aResistenza - Italia - 1943-1945.$0(OLS)http://semarc/subject/38444 700 1 $aMalvezzi, Piero,$d<1916-1987>.$0(OLS)http://semarc/name/31953 700 1 $aPirelli, Giovanni,$d<1918-1973>.$0(OLS)http://semarc/name/19113 700 1 $aZagrebelsky, Gustavo,$d<1943- >.$0(OLS)http://semarc/name/13015 700 1 $aAgnoletti, Enzo Enriques,$d<1909-1986>.$0(OLS)http://semarc/name/35390 830 0$aET.$0(OLS)http://semarc/title/28189 850 $aSeMil 852 $aSeMil$W1$xVenegono$y1$m3V I 95$j226442$B236922$CSeMilBibl$Z2$F236922 $81 961 $aPerego don Stefano - Omaggio 996 $6020$a978-88-06-22705-0$9(OLS)http://semarc/number/293142 996 $6245$aLettere di condannati a morte della Resistenza italiana :$b8 settembre 1943 - 25 aprile 1945$9(OLS)http://semarc/title/299630 996 $6264$aTorino :$bEinaudi$9(OLS)http://semarc/publisher/29884 LEADER 01156nam a2200265 i 4500 001 000000106051 003 CaOOAMICUS 005 20091020000000.0 008 091020s1996 it u000 u ita u 013 $a78245 020 $a88-384-2131-5 040 $aSeMil$bita 245 13$aLa carità nella pastorale /$cEnrico Bacigalupo (a cura di) contributi di Pino Scabini ... [et al.]. 260 $aCasale Monferrato (AL) :$bPiemme,$c1996. 300 $a147 p. ;$c22 cm. 490 0 $aBiblioteca della solidarietà ;$v30 650 4$aCarità - Pastorale.$0(OLS)http://semarc/subject/18452 700 1 $aScabini, Giuseppe .$0(OLS)http://semarc/name/2827 700 1 $aBacigalupo, Enrico.$0(OLS)http://semarc/name/44642 830 0$aBiblioteca della solidarietà ;$v30.$0(OLS)http://semarc/title/9466 850 $aSeMil 852 $aSeMil$W1$xVenegono$y1$m2F I 30$j62206$B62206$CSeMilBibl$Z2$F76953 $81 996 $6020$a88-384-2131-5$9(OLS)http://semarc/number/86484 996 $6245$aLa carità nella pastorale$9(OLS)http://semarc/title/153709 996 $6260$aCasale Monferrato (AL) :$bPiemme$9(OLS)http://semarc/publisher/30052